000 00649nam a2200205Ia 4500
001 22808
003 GE_BSU
008 181216s||||||||xx |||||||||||||| ||und||
040 _cGE_BSU
245 _aПсихологический журнал. Том 39, №3. Май-Июнь 2018.
245 _cГл. ред.РАН А.Л. Журавлев и др.
260 _aМосква
260 _bНаука
260 _c2018
300 _a144 стр. 30 см.
653 _aПериодика
653 _aПсихологический журнал. Том 39, №3. Май-Июнь 2018.
653 _aპერიოდიკა
942 _cCR
999 _c55713
_d55713